00380 2200157 4500001002100000005001500021035002000036245005000056100001700106300001200123260003500135082000800170084001400178020001800192990001200210INLIS00000000000166020250429095445 a0010-04250000761 aTerpesona Di Sidratul Muntaha /cAgus Mustofa0 aAgus Mustofa a294 hlm aSurabaya :bPadma Press,c2004 a200 a200 AGU t a979-983-372-8 a0754680